000 00504nam a2200193 a 4500
001 1769854927881
003 YourLibrary
005 20260131162126.0
008 260131s2006##################000#0#eng##
020 _a9780226978734
082 0 4 _a330.95104
_bZAN
100 1 _aZanasi, Margherita,
_eauthor.
245 1 0 _aSaving the Nation :
260 _bUniversity of Chicago Press,
_c2006.
300 _a332 pages
650 0 _aHistory.
942 _cENGLISH
040 _aYourLibrary
_beng
_cYourLibrary
999 _c609593
_d609593